000
00278 a2200121 4500
000
nam a22 7a 4500
005
20260207133113.0
020
_a
9789390702282
100
_a
Rajesh Singh
_9
1114353
245
_a
Nath Sampradaya
260
_b
Kitabwale
_c
2023
942
_c
TEXL
999
_c
1678897
_d
1678897